[Event "EU-ch rapid"]
[Site "Warsaw"]
[Date "2010.12.18"]
[Round "5"]
[White "Jones, Gawain C B"]
[Black "Rublevsky, Sergei"]
[Result "1-0"]
[WhiteElo "2575"]
[BlackElo "2678"]
[PlyCount "122"]
[EventDate "2010.12.18"]
[EventType "swiss (rapid)"]
[EventRounds "13"]
[EventCountry "POL"]
[SourceTitle "CBM 139 Extra"]
[Source "ChessBase"]
[SourceDate "2011.01.05"]
[SourceVersion "1"]
[SourceVersionDate "2011.01.05"]
[SourceQuality "1"]

1. e4 c5 2. Nc3 e6 3. f4 d5 4. Nf3 dxe4 5. Nxe4 Be7 6. g3 ({RR} 6. d4 cxd4 7. Qxd4 Qxd4 8. Nxd4 a6 9. Be3 Nd7 10. g3 Ngf6 11. Bg2 Nxe4 12. Bxe4 Nc5 13. Bf3 Bd7 14. O-O-O Rc8 15. Rd2 Rc7 16. Rhd1 Na4 17. Ne2 Bb5 18. Bd4 f6 19. b3 Bb4 20. bxa4 Bxd2+ {Adams,M (2680)-Lautier,J (2660) Tilburg 1997 1-0}) 6... Nf6 7. d3 ({RR} 7. Qe2 O-O 8. Bg2 Nc6 9. c3 Bd7 10. d3 Rc8 11. O-O b6 12. Rd1 Qc7 13. Be3 Rfd8 14. Kh1 Be8 15. Bg1 h6 16. Rd2 Nxe4 17. dxe4 Rxd2 18. Nxd2 Rd8 19. Rd1 Qd7 20. Bf3 Na5 21. Nb1 Qc7 {Taher,Y (2445)-Lazavik,D (2567) chess.com INT 2024 1-0 (103)}) 7... Nxe4 $146 ({RR} 7... b6 8. Bg2 Bb7 9. Qe2 O-O 10. Bd2 Nc6 11. O-O-O Qc7 12. Kb1 Rac8 13. c4 Rfd8 14. Bc3 Nd4 15. Bxd4 cxd4 16. Nfg5 b5 17. cxb5 Nd5 18. Rc1 Qb6 19. Qh5 h6 20. Qxf7+ Kh8 21. Nxe6 Rxc1+ 22. Rxc1 {Debevec,B (2196)-Jeran,B (2214) Slovenia 2017 ½-½ (32)}) ({RR} 7... O-O 8. Be3 b6 9. Bg2 Bb7 10. Ne5 Qc7 11. O-O Nbd7 12. Nxd7 Qxd7 13. Bd2 Nxe4 14. dxe4 Qd4+ 15. Rf2 Bxe4 16. Bc3 Qxd1+ 17. Rxd1 Bxg2 18. Kxg2 Rad8 19. Rfd2 Rxd2+ 20. Rxd2 Rd8 21. Rxd8+ Bxd8 22. Kf3 {Lampert,J (1778)-Prince,B (1983) Kemer 2007 0-1 (47)}) 8. dxe4 Qxd1+ 9. Kxd1 O-O 10. c3 b6 11. Bg2 Bb7 12. Re1 Nd7 13. Kc2 c4 14. Nd2 b5 15. a4 a6 16. b4 cxb3+ 17. Nxb3 bxa4 18. Na5 Rab8 19. Nxb7 Rxb7 20. Rxa4 Nc5 21. Ra5 Rd8 22. e5 Nd3 23. Re3 Rbd7 24. Bc6 Rc7 25. Rxd3 Rxc6 26. Ba3 Rxd3 27. Kxd3 Kf8 28. c4 Bxa3 29. Rxa3 Ke7 30. Kd4 Kd7 31. c5 h5 32. Kc4 Kc7 33. Rd3 Kc8 34. Rd6 Kc7 35. Rd1 Kc8 36. h3 Kc7 37. g4 hxg4 38. hxg4 g6 39. Kb4 Kc8 40. Rd2 Kc7 41. Rd6 Kb7 42. Rd8 Rc8 43. Rd7+ Rc7 44. Rd1 Rc8 45. Kc4 Rc6 46. Rb1+ Kc8 47. Rh1 Kb7 48. Kd4 Rc8 49. Kc4 Rc6 50. Rh2 Kc8 51. f5 gxf5 52. gxf5 Kb7 53. f6 Kc8 54. Kd4 Kb7 55. Rh1 a5 56. Kc4 a4 57. Rh7 Ra6 58. Rxf7+ Kc8 59. Rh7 a3 60. f7 Ra4+ 61. Kb3 Rf4 1-0

[Event "Titled Tuesday intern op 20th July"]
[Site "Chess.com INT"]
[Date "2021.07.20"]
[Round "10"]
[White "Asadli, Vugar Afgan Oglu"]
[Black "Zierk, Steven C"]
[Result "1-0"]
[WhiteElo "2574"]
[BlackElo "2488"]
[PlyCount "66"]
[EventDate "2021.07.20"]
[EventType "swiss (blitz)"]
[EventRounds "11"]
[EventCountry "USA"]
[SourceTitle "CBM 203 Extra"]
[Source "ChessBase"]
[SourceDate "2021.09.30"]
[SourceVersion "1"]
[SourceVersionDate "2021.09.30"]
[SourceQuality "1"]

1. e4 c5 2. Nc3 Nc6 3. Bb5 g6 4. Bxc6 dxc6 5. f4 Bg7 6. Nf3 Nf6 7. O-O O-O 8. d3 Bg4 9. h3 Bxf3 10. Qxf3 c4 ({RR} 10... e6 11. Be3 b6 12. a4 Nd7 13. e5 f6 14. Qxc6 fxe5 15. fxe5 Nxe5 16. Qxe6+ Kh8 17. Ne4 Re8 18. Qb3 h6 19. Rae1 Rc8 20. Qa3 Qd7 21. Nf6 Bxf6 22. Rxf6 Kg7 23. Ref1 Rf8 24. Bxh6+ Kxh6 25. Rxf8 {Wijerathna,V (2117)-Sobek,J (2198) chess.com INT 2025 1-0}) 11. e5 Ne8 12. dxc4 Qd4+ 13. Be3 $146 ({RR} 13. Kh1 Qxc4 14. b3 Qe6 15. Ba3 f6 16. exf6 Bxf6 17. Rae1 Qd7 18. Ne4 Rf7 19. Nxf6+ Nxf6 20. Bb2 Qd2 21. Re2 Qa5 22. c4 Rd8 23. Rfe1 Rd7 24. Re5 Qd2 25. R5e2 Qa5 26. Kh2 Nh5 27. g3 Rd2 {Zikunov,B (2227)-Koveshnikova,D (1994) Berdsk 2009 1-0 (63)}) 13... Qxc4 14. Rad1 Qe6 15. Qg4 f5 16. Qe2 Nc7 17. Rd2 g5 18. g3 gxf4 19. gxf4 Kh8 20. Kh2 Rg8 21. Qh5 Nd5 22. Nxd5 cxd5 23. Rg2 Rac8 24. c3 Rc4 25. Bd4 Bf8 26. Rxg8+ Kxg8 27. Rg1+ Kh8 28. Qe8 Rc8 29. Qxc8 Qxc8 30. e6+ Bg7 31. Rxg7 h5 32. Rxe7+ Kg8 33. Rg7+ Kh8 1-0

[Event "RUS-ch blitz"]
[Site "Sochi"]
[Date "2018.10.07"]
[Round "3.17"]
[White "Pridorozhni, Aleksei"]
[Black "Gogolev, Artem"]
[Result "1-0"]
[WhiteElo "2574"]
[BlackElo "2389"]
[PlyCount "157"]
[EventDate "2018.10.07"]
[EventType "swiss (blitz)"]
[EventRounds "20"]
[EventCountry "RUS"]
[SourceTitle "CBM 186 Extra"]
[Source "ChessBase"]
[SourceDate "2018.08.24"]
[SourceVersion "1"]
[SourceVersionDate "2018.08.24"]
[SourceQuality "1"]

1. e4 c5 2. Nc3 Nc6 3. Bb5 g6 4. Bxc6 dxc6 5. d3 Bg7 6. f4 Nf6 7. Nf3 O-O 8. O-O Bg4 9. Qe1 c4 10. e5 Ne8 11. dxc4 Bxf3 12. Rxf3 Qd4+ 13. Be3 Qxc4 14. b3 Qe6 15. Bf2 $146 ({RR} 15. Ne4 b6 16. c4 Rd8 17. Qh4 h6 18. Raf1 f5 19. Nd2 Nc7 20. Qf2 Rd7 21. Rg3 Kh7 22. Nf3 Bh8 23. Rh3 Kg7 24. Qh4 h5 25. Nd4 Rxd4 26. Bxd4 Qd7 27. Bc3 Ne6 28. Qg3 Kf7 29. Qd3 Qb7 {Arndt,S (2139)-Hehn,H (2008) Bad Woerishofen GER 2023 1-0 (37)}) ({RR} 15. Ne4 b6 16. c4 Rd8 17. Qh4 h6 18. Raf1 f5 19. Nd2 Nc7 20. Qf2 Rd7 21. Rg3 Kh7 22. Nf3 Bh8 23. Rh3 Kg7 24. Qh4 h5 25. Nd4 Rxd4 26. Bxd4 Qd7 27. Bc3 Ne6 28. Qg3 Kf7 29. Qd3 Qb7 {Arndt,S (2139)-Hehn,H (2008) Bad Woerishofen GER 2023 1-0 (37)}) 15... Nc7 16. Ne4 f6 17. exf6 exf6 18. f5 gxf5 19. Ng3 Qxe1+ 20. Rxe1 Rfe8 21. Nxf5 Rxe1+ 22. Bxe1 Rd8 23. Bc3 Ne6 24. Nxg7 Nxg7 25. Bxf6 Rd1+ 26. Rf1 Rd2 27. c3 Rxa2 28. b4 Ne6 29. h4 h5 30. Kh2 Kf7 31. Kh3 Re2 32. Rf3 Kg6 33. Bh8 b6 34. g4 hxg4+ 35. Kxg4 Re4+ 36. Kg3 a5 37. bxa5 bxa5 38. c4 Rxc4 39. Bb2 Re4 40. Rf6+ Kh7 41. Rf7+ Kg6 42. Rf6+ Kh7 43. h5 Ng5 44. Rxc6 Re6 45. Rc8 Nf7 46. Ra8 Kh6 47. Rxa5 Rb6 48. Bc1+ Kg7 49. Ra7 Rb5 50. Kg4 Rb4+ 51. Bf4 Kg8 52. Kf3 Rb5 53. h6 Nxh6 54. Bxh6 Rb4 55. Bf4 Kf8 56. Kg4 Ke8 57. Kf5 Rb6 58. Bc7 Rc6 59. Ke5 Kd7 60. Bd6+ Kc8 61. Kd5 Rb6 62. Rh7 Rb7 63. Rh8+ Kd7 64. Bc5 Kc7 65. Rh6 Kd7 66. Bb6 Kc8 67. Kc6 Rc7+ 68. Kd6 Rd7+ 69. Kc6 Rc7+ 70. Kb5 Rf7 71. Bc5 Kd7 72. Rd6+ Ke8 73. Rg6 Rh7 74. Rf6 Rf7 75. Re6+ Kd7 76. Rh6 Ke8 77. Kc6 Rg7 78. Rf6 Rh7 79. Rf8# 1-0

[Event "Titled Tue 6th Dec Early"]
[Site "chess.com INT"]
[Date "2022.12.06"]
[Round "4"]
[White "Lenderman, A.."]
[Black "Corrales Jimenez, F.."]
[Result "1-0"]
[WhiteElo "2570"]
[BlackElo "2525"]
[PlyCount "99"]
[EventDate "2022.12.06"]

1. e4 c5 2. d4 cxd4 3. c3 dxc3 4. Nxc3 Nc6 5. Nf3 d6 6. Bc4 a6 7. e5 dxe5 8. Qxd8+ Nxd8 9. Nd5 Rb8 10. Nxe5 e6 11. Nc7+ Ke7 12. Be3 $146 ({RR} 12. Bf4 f6 13. Nf3 b5 14. Bb3 Rb6 15. Rc1 Rc6 16. O-O g5 17. Be3 Kd6 18. Na8 Ne7 19. Nb6 Bb7 20. Rfd1+ Nd5 21. Bxd5 Rxc1 22. Rxc1 exd5 23. Bc5+ Ke6 24. Nd4+ Kf7 25. Bxf8 Rxf8 26. Rc7+ Kg6 {Feliciano Ebert,V (2059)-Chirivi Castiblanco,J (2052) Medellin 2007 0-1 (49)}) 12... Kd6 13. Bf4 g5 14. Nxf7+ Ke7 15. Nxg5 Bg7 16. O-O-O e5 17. Rhe1 Nc6 18. Nf7 Bf5 19. Nxe5 Nxe5 20. Bxe5 Bxe5 21. Rxe5+ Kf6 22. f4 Rc8 23. Rd6+ Kg7 24. Ne8+ Kf8 25. Rxf5+ Kxe8 26. Re5+ Ne7 27. b3 b5 28. Rde6 Rc7 29. Rxa6 bxc4 30. Ra8+ Kf7 31. Rxh8 cxb3+ 32. Kb2 Kg7 33. Re8 Ng6 34. axb3 Kf7 35. g3 Rd7 36. Re2 h5 37. f5 Nf8 38. b4 Nh7 39. R8e5 Nf6 40. b5 Rb7 41. Kb3 Ng4 42. Rc5 Nf6 43. Kb4 Nd7 44. Rc6 Nb8 45. Rh6 Kg7 46. Ree6 Nd7 47. Reg6+ Kf8 48. Rh8+ Kf7 49. Rh7+ Kf8 50. Rgg7 1-0

[Event "Moscow Aeroflot op-A 10th"]
[Site "Moscow"]
[Date "2011.02.15"]
[Round "8"]
[White "Vocaturo, Daniele"]
[Black "Geller, Jakov"]
[Result "1-0"]
[WhiteElo "2570"]
[BlackElo "2544"]
[PlyCount "77"]
[EventDate "2011.02.08"]
[EventType "swiss"]
[EventRounds "9"]
[EventCountry "RUS"]
[SourceTitle "CBM 141 Extra"]
[Source "ChessBase"]
[SourceDate "2011.05.03"]
[SourceVersion "1"]
[SourceVersionDate "2011.05.03"]
[SourceQuality "1"]

1. e4 c5 2. Nc3 e6 3. f4 d5 4. Nf3 dxe4 5. Nxe4 Be7 6. d4 cxd4 7. Qxd4 Qxd4 8. Nxd4 a6 9. g3 Bd7 10. Bg2 Nc6 11. Be3 Nf6 12. Nxc6 Bxc6 13. Nxf6+ Bxf6 14. Bxc6+ bxc6 15. O-O-O Rd8 16. c3 $146 ({RR} 16. c4 O-O 17. Bc5 Rxd1+ 18. Rxd1 Rd8 19. Bd6 Rd7 20. b4 Bd8 21. a4 f6 22. Bc5 Rxd1+ 23. Kxd1 Kf7 24. a5 Be7 25. Bxe7 Kxe7 26. b5 Kd7 27. b6 c5 28. g4 f5 29. h3 g6 {½-½ (29) Botvinnik,M-Furman,S Moscow 1961}) 16... O-O 17. Bb6 Rb8 18. Bd4 Rfd8 19. Bxf6 gxf6 20. Rhe1 Kf8 21. Rxd8+ Rxd8 22. Re4 c5 23. f5 Ke7 24. Ra4 Ra8 25. Kd2 Kd6 26. Ke3 Ke5 27. Rh4 Kxf5 28. Rh5+ Kg6 29. Rxc5 a5 30. a4 f5 31. Rb5 f6 32. c4 e5 33. c5 h5 34. c6 h4 35. c7 Rc8 36. Rb7 hxg3 37. hxg3 Kf7 38. b4 Ke6 39. b5 1-0

[Event "Commonwealth-ch"]
[Site "New Delhi"]
[Date "2007.12.10"]
[Round "10"]
[White "Jones, Gawain C B"]
[Black "Abhishek, Das"]
[Result "1-0"]
[WhiteElo "2567"]
[BlackElo "2383"]
[PlyCount "77"]
[EventDate "2007.12.03"]
[EventType "swiss"]
[EventRounds "10"]
[EventCountry "IND"]
[SourceTitle "CBM 121 Extra"]
[Source "ChessBase"]
[SourceDate "2008.01.10"]
[SourceVersion "1"]
[SourceVersionDate "2008.01.10"]
[SourceQuality "1"]

1. e4 c5 2. Nc3 e6 3. f4 d5 4. Nf3 dxe4 5. Nxe4 Nf6 6. Nxf6+ Qxf6 7. g3 ({RR} 7. Ne5 Qxf4 8. Bb5+ Bd7 9. Qe2 Bxb5 10. Qxb5+ Nc6 11. Qxb7 Qxe5+ 12. Kd1 Qh5+ 13. Ke1 Qe5+ 14. Kd1 Qh5+ 15. Ke1 Qh4+ 16. Kf1 Qf4+ 17. Kg1 Qd4+ 18. Kf1 Qf4+ 19. Kg1 Qd4+ 20. Kf1 Qd7 21. Qxa8+ Ke7 {Wahls,M (2520)-Lutz,C (2595) Germany 1994 0-1}) 7... b6 ({RR} 7... Bd7 8. Ne5 Bc6 9. Nxc6 Nxc6 10. Bg2 g6 11. O-O Bg7 12. Rb1 O-O 13. d3 Rfd8 14. Qf3 c4 15. dxc4 Qd4+ 16. Be3 Qxc4 17. c3 Qxa2 18. Qe2 Qb3 19. h4 Ne7 20. Bf2 Rd7 21. Rfd1 Rad8 22. Rxd7 {Janaszak,D (2306)-Amburgy,R (2293) chess.com INT 2025 1-0 (81)}) 8. Ne5 a6 $146 ({RR} 8... Bb7 9. Bb5+ Ke7 10. O-O a6 11. Be2 g6 12. Bf3 Bxf3 13. Qxf3 Ra7 14. d4 cxd4 15. c3 Bg7 16. Rd1 Rd8 17. cxd4 Rc7 18. Qa3+ Ke8 19. Be3 Rd5 20. Rac1 Kd8 21. Qb4 b5 22. Rxc7 Kxc7 23. Rc1+ {Bugayev,V (2085)-Winkels,M (1924) chess.com INT 2024 1-0}) ({RR} 8... Bb7 9. Bb5+ Kd8 10. Rf1 Bd6 11. d4 Ke7 12. Be3 Rd8 13. c3 a6 14. Be2 Bd5 15. Bf3 c4 16. Bxd5 exd5 17. Qh5 h6 18. Kd2 g6 19. Qe2 b5 20. f5 g5 21. Ng4 Qh8 22. Bxg5+ Kd7 23. Bxd8 {Bauer,A (2086)-Romanov,A (1673) Cologne 2010 1-0 (32)}) 9. Bg2 Ra7 10. b3 Qd8 11. Bb2 Be7 12. Nc6 Nxc6 13. Bxc6+ Kf8 14. Qf3 Bf6 15. c3 Qc7 16. O-O-O Bb7 17. Bxb7 Qxb7 18. Qe2 h5 19. Rhe1 g6 20. c4 Qe7 21. d4 cxd4 22. Bxd4 Kg7 23. Bxb6 Qa3+ 24. Kb1 Rb7 25. Bd4 Bxd4 26. Rxd4 Rhb8 27. Rd3 Qb4 28. Qb2+ Kf8 29. Qc3 Qc5 30. Qf6 Qxc4 31. Red1 Rxb3+ 32. axb3 Rxb3+ 33. Rxb3 Qxb3+ 34. Kc1 Qc4+ 35. Kd2 Qd5+ 36. Kc2 Qe4+ 37. Rd3 Qe2+ 38. Kc3 Qe1+ 39. Kc4 1-0

[Event "Wch U20 46th"]
[Site "Yerevan"]
[Date "2007.10.03"]
[Round "1"]
[White "Jones, Gawain C B"]
[Black "Abhishek, Das"]
[Result "1-0"]
[WhiteElo "2567"]
[BlackElo "2383"]
[PlyCount "55"]
[EventDate "2007.10.03"]
[EventType "swiss"]
[EventRounds "13"]
[EventCountry "ARM"]
[SourceTitle "CBM 120 Extra"]
[Source "ChessBase"]
[SourceDate "2007.11.01"]
[SourceVersion "1"]
[SourceVersionDate "2007.11.01"]
[SourceQuality "1"]

1. e4 c5 2. Nc3 Nc6 3. Bb5 g6 4. Bxc6 dxc6 5. f4 Bg7 6. d3 Nf6 7. Nf3 O-O 8. O-O b6 9. Qe1 Bg4 ({RR} 9... Ne8 10. Be3 Nc7 11. Qh4 f6 12. Rad1 Nb5 13. Ne2 Qe8 14. c4 Nd6 15. g4 Nf7 16. Kh1 Qd7 17. Rg1 e5 18. f5 g5 19. Qf2 Re8 20. h4 h6 21. Ng3 Kf8 22. Nh5 Bh8 23. Rg2 a5 24. b3 {Hernandez Guerrero,G (2547)-Cubas,J (2485) Caioba 2019 1-0 (34)}) ({RR} 9... Qc7 10. Qh4 Ng4 11. h3 Bf6 12. Qe1 Bd4+ 13. Nxd4 cxd4 14. hxg4 dxc3 15. Qh4 Qd7 16. bxc3 Qxg4 17. Qxe7 Be6 18. Qf6 Qh5 19. f5 gxf5 20. exf5 Bd5 21. c4 Bxg2 22. Bb2 {1-0 (22) Lanzilotta,F (1854)-Comas,M (1716) Montevideo URU 2025}) 10. Ne5 Qc7 11. Qh4 Be6 $146 ({RR} 11... Bc8 12. g4 h6 13. Bd2 Nh7 14. Rae1 Be6 15. Nf3 f6 16. f5 g5 17. Qf2 Bf7 18. h4 e5 19. Kg2 Rfd8 20. hxg5 fxg5 21. b3 Qd6 22. Be3 Qf6 23. Bc1 Nf8 24. Bb2 Nd7 25. Nd1 Qe7 26. Ne3 {Getmanchuk,A (2140)-Michenka,J (2274) Litomysl 2018 ½-½ (42)}) ({RR} 11... Bc8 12. Bd2 Ne8 13. Nf3 f5 14. exf5 Bxf5 15. g4 Bc8 16. f5 gxf5 17. Bh6 Bxh6 18. Qxh6 Rf6 19. Qh4 Rg6 20. g5 Nd6 21. Ne2 Nf7 22. Nf4 Rd6 23. Rae1 c4 24. g6 hxg6 25. Rxe7 g5 26. Re8+ {Smith,B (2458)-Stamenkov,V (2346) Plovdiv 2011 1-0}) 12. Nf3 h6 13. f5 g5 14. Nxg5 hxg5 15. Bxg5 Bc8 16. Rf3 Rd8 17. Bh6 Ne8 18. Bxg7 Nxg7 19. Rh3 f6 20. Qh7+ Kf7 21. Qg6+ Kg8 22. Rf1 e6 23. Qh7+ Kf7 24. fxe6+ Bxe6 25. Rh6 Qe5 26. Qg6+ Kg8 27. Rxf6 Qd4+ 28. Rf2 1-0

[Event "Brno Morava-A"]
[Site "Brno"]
[Date "1991.??.??"]
[Round "9"]
[White "Rogers, Ian"]
[Black "Boensch, Uwe"]
[Result "1-0"]
[WhiteElo "2565"]
[BlackElo "2560"]
[PlyCount "149"]
[EventDate "1991.09.??"]
[EventType "tourn"]
[EventRounds "9"]
[EventCountry "CSR"]
[EventCategory "13"]
[SourceTitle "CBM 026"]
[Source "ChessBase"]
[SourceDate "1992.02.01"]
[SourceVersion "1"]
[SourceVersionDate "1992.02.01"]
[SourceQuality "1"]

1. e4 c5 2. Nc3 e6 3. f4 d5 4. Nf3 dxe4 5. Nxe4 Be7 6. g3 Nf6 7. Nf2 b6 8. Bg2 Bb7 9. O-O O-O 10. b3 Nc6 11. Bb2 Qc7 12. Qe2 Rad8 13. Rfd1 $146 ({RR} 13. c4 Rd7 14. Bc3 Rfd8 15. Rae1 Qb8 16. Qd1 Qa8 17. Ne5 Rc7 18. g4 Nd7 19. Ne4 f5 20. gxf5 exf5 21. Ng3 Ndxe5 22. fxe5 g6 23. Bd5+ Kh8 24. Bxc6 Bxc6 25. e6+ Rd4 26. Qe2 Bf6 27. h3 Re7 {Wippermann,T (2424)-D'Costa,L (2356) Cork 2005 0-1 (36)}) ({RR} 13. Rae1 Qc8 14. c4 Ne8 15. Ng4 Nb4 16. Nfe5 Nf6 17. Bxb7 Qxb7 18. d3 Nxg4 19. Qxg4 Bf6 20. Qe2 Rfe8 21. a3 Bxe5 22. Qxe5 f6 23. Qe4 Qxe4 24. Rxe4 Nc6 25. Rfe1 Kf7 26. Kf1 Rd6 27. Ke2 Red8 {Lach,B-Mueller,R Wuerttemberg 1994 ½-½ (55)}) 13... Nd4 14. Nxd4 cxd4 15. Nd3 Bxg2 16. Kxg2 Rd5 17. c4 dxc3 18. dxc3 b5 19. Ne5 Qb7 20. Qf3 Rfd8 21. Kh3 Qb6 22. Rxd5 exd5 23. Kg2 Ne4 24. Rd1 f5 25. Qe2 a6 26. c4 dxc4 27. Rxd8+ Qxd8 28. bxc4 Qd2 29. Qxd2 Nxd2 30. cxb5 axb5 31. Nc6 Bc5 32. Bd4 Bd6 33. Bc3 Ne4 34. Bb4 Kf7 35. Bxd6 Nxd6 36. Nd4 Kf6 37. Kf3 h6 38. h3 g5 39. Ke3 Kg6 40. Ne2 Ne4 41. Kd4 Kf6 42. Kd5 Kg6 43. a3 Nd2 44. Nc3 Nf1 45. Nxb5 Nxg3 46. a4 g4 47. hxg4 fxg4 48. a5 Nf5 49. a6 g3 50. Nc3 g2 51. Ne2 Ne7+ 52. Ke4 Nc8 53. Kf3 Kh5 54. Kxg2 Kg4 55. Kf2 h5 56. Ke3 h4 57. Ng1 Kf5 58. Kf3 Na7 59. Nh3 Nc6 60. Ng5 Nd4+ 61. Kf2 Nb5 62. Ke3 Na7 63. Nh3 Nb5 64. Ng1 Kg4 65. Nf3 h3 66. Nh2+ Kg3 67. f5 Kxh2 68. f6 Kg2 69. f7 h2 70. f8=Q h1=Q 71. Qf3+ Kh2 72. Qf4+ Kh3 73. Qh6+ Kg2 74. Qg5+ Kh3 75. Qh5+ 1-0

[Event "Tula Afromeev Memorial"]
[Site "Tula"]
[Date "2005.07.27"]
[Round "8"]
[White "Afromeev, Vladimir"]
[Black "Sinitsin, Evgeniy"]
[Result "1-0"]
[WhiteElo "2563"]
[BlackElo "2307"]
[PlyCount "79"]
[EventDate "2005.07.20"]
[EventType "tourn"]
[EventRounds "11"]
[EventCountry "RUS"]
[EventCategory "6"]
[SourceTitle "EXT 2006"]
[Source "ChessBase"]
[SourceDate "2005.11.24"]
[SourceVersion "1"]
[SourceVersionDate "2005.11.24"]
[SourceQuality "1"]

1. e4 c5 2. d4 cxd4 3. c3 dxc3 4. Nxc3 Nc6 5. Nf3 e5 6. Bc4 d6 7. Ng5 ({RR} 7. Qb3 Qd7 8. Nd5 Nf6 9. Nxf6+ gxf6 10. O-O Na5 11. Qc3 Nxc4 12. Qxc4 Rg8 13. Qb3 Qg4 14. g3 Qxe4 15. Re1 Qc6 16. Nd4 Qb6 17. Qd3 Bd7 18. Be3 Rg6 19. Nf5 Qa6 20. Qe4 d5 21. Qf3 Qe6 {Barrientos,S (2479)-Carlsen,M (2853) chess.com INT 2023 0-1 (34)}) ({RR} 7. O-O Be6 8. Bxe6 fxe6 9. Qb3 Qd7 10. Be3 Nf6 11. Ng5 Nd8 12. f4 Ng4 13. Ne2 Be7 14. h3 Nxe3 15. Qxe3 Bxg5 16. fxg5 Nc6 17. Rac1 Rf8 18. Rxf8+ Kxf8 19. Rf1+ Kg8 20. Qf3 Qe7 21. Qg4 Rf8 {Blandon Mena,D (1776)-Gamboa,N (2301) Medellin COL 2024 0-1 (31)}) 7... Nh6 8. Qd5 Qe7 9. Be3 $146 ({RR} 9. f4 f6 10. Nf3 Nf7 11. O-O Nfd8 12. f5 b6 13. Rd1 Bb7 14. Nb5 Nd4 15. Nbxd4 Bxd5 16. Bb5+ Kf7 17. exd5 exd4 18. Re1 Qb7 19. Be8+ Kg8 20. Nxd4 Qxd5 21. Be3 Rc8 22. Ba4 Nf7 23. Bb3 Qb7 {Schumacher,K (1930)-Dorawa,B (2096) Gotha 2006 0-1 (42)}) 9... f6 10. Nf3 Ng4 11. Bd2 h5 12. h3 Nh6 13. O-O-O a6 14. Nh4 Nb4 15. Qa5 Nc6 16. Qa4 Qd7 17. Ng6 Rh7 18. Nd5 b5 19. Bxb5 Bb7 20. Nb6 axb5 21. Qxa8+ Bxa8 22. Nxd7 Be7 23. Nb6 Bb7 24. Nxe7 Kxe7 25. Be3 Rh8 26. f3 Rd8 27. g4 h4 28. Nd5+ Kf7 29. Bxh6 gxh6 30. Kd2 Nd4 31. Ke3 Bxd5 32. exd5 b4 33. Rc1 Ra8 34. Rc7+ Kg6 35. f4 Rxa2 36. f5+ Nxf5+ 37. gxf5+ Kxf5 38. Rg7 e4 39. Kd4 Rxb2 40. Rf1+ 1-0

[Event "EU-ch blitz"]
[Site "Tallinn"]
[Date "2019.12.07"]
[Round "6"]
[White "Sanal, Vahap"]
[Black "Buchicchio, Giampaolo"]
[Result "1-0"]
[WhiteElo "2563"]
[BlackElo "2201"]
[PlyCount "71"]
[EventDate "2019.12.07"]
[EventType "swiss (blitz)"]
[EventRounds "22"]
[EventCountry "EST"]
[SourceTitle "CBM 193 Extra"]
[Source "ChessBase"]
[SourceDate "2020.01.31"]
[SourceVersion "1"]
[SourceVersionDate "2020.01.31"]
[SourceQuality "1"]

1. e4 c5 2. Nc3 Nc6 3. Bb5 g6 4. Bxc6 dxc6 5. f4 Bg7 6. Nf3 Nf6 7. O-O O-O 8. d3 c4 ({RR} 8... Ne8 9. Qe1 Nc7 10. f5 gxf5 11. Qg3 fxe4 12. Bh6 Ne6 13. Bxg7 Nxg7 14. Nxe4 b6 15. Ne5 f6 16. Nc4 Be6 17. b3 Qb8 18. Qf2 Qc7 19. Rae1 Rad8 20. Re3 Bf5 21. Ncd2 Bg6 22. Nf3 Rd5 23. Nc3 {Adams,M (2688)-Akesson,R (2404) Katowice POL 2022 1-0 (67)}) ({RR} 8... Qc7 9. Qe1 b5 10. Qh4 c4 11. e5 Nd5 12. d4 Bf5 13. Rf2 Qd7 14. h3 Nb4 15. g4 Nxc2 16. gxf5 Nxa1 17. f6 exf6 18. exf6 Qf5 19. fxg7 Kxg7 20. Ne2 Rfe8 21. Ng3 Qf6 22. Nh5+ gxh5 23. Rg2+ {Fier,A (2549)-Dos Santos,W (1805) Florianopolis BRA 2025 1-0}) 9. dxc4 Qb6+ 10. Kh1 Bg4 11. e5 $146 ({RR} 11. Qe1 Rfd8 12. Ne5 Be6 13. b3 Nd7 14. Nxd7 Rxd7 15. Na4 Qc7 16. Bb2 Bxb2 17. Nxb2 f5 18. Nd3 b6 19. Qg3 Rd4 20. Ne5 Rxe4 21. Rae1 Rxe1 22. Rxe1 Bf7 23. Qh4 h5 24. Qg5 Qd6 25. Nf3 Re8 {Kozionov,K (2452)-Novikov,K (2255) Sochi 2018 1-0 (60)}) 11... Nh5 12. Qe1 Be6 13. b3 Bh6 14. Be3 Qa5 15. Nd4 Ng7 16. Nxe6 Nxe6 17. f5 Bxe3 18. Qxe3 Ng7 19. f6 exf6 20. exf6 Nf5 21. Qh3 Rfe8 22. Rf3 h5 23. Raf1 Nd4 24. Rf4 Nxc2 25. Ne4 Qe5 26. c5 Rad8 27. Qg3 Nd4 28. Qf2 Qxe4 29. Rxe4 Rxe4 30. Qd2 Rde8 31. h3 Kh7 32. Rf4 Re1+ 33. Kh2 Nf5 34. Rxf5 gxf5 35. Qg5 Rg8 36. Qxh5# 1-0

[Event "Dos Hermanas Internet qual-C 10th"]
[Site "ICC INT"]
[Date "2009.03.14"]
[Round "7"]
[White "Bachmann, Axel"]
[Black "Echavarria, Johann"]
[Result "1-0"]
[WhiteElo "2562"]
[BlackElo "2379"]
[PlyCount "79"]
[EventDate "2009.03.14"]
[EventType "swiss (blitz)"]
[EventRounds "12"]
[EventCountry "ESP"]
[SourceTitle "CBM 129 Extra"]
[Source "ChessBase"]
[SourceDate "2009.05.05"]
[SourceVersion "2"]
[SourceVersionDate "2009.05.20"]
[SourceQuality "1"]

1. e4 c5 2. Nc3 e6 3. f4 d5 4. Nf3 dxe4 5. Nxe4 Nc6 6. Bb5 Bd7 7. O-O Nh6 ({RR} 7... Nf6 8. d3 a6 9. Nxf6+ gxf6 10. Ba4 Nd4 11. Bxd7+ Qxd7 12. Be3 Nf5 13. Qe2 O-O-O 14. Bf2 Qc7 15. Nd2 Qxf4 16. Ne4 Qc7 17. c3 Bd6 18. b4 Bxh2+ 19. Kh1 Bg3 20. bxc5 Rhg8 21. Kg1 Bh2+ 22. Kh1 {Polgar,J (2722)-Kramnik,V (2777) Cap d'Agde 2003 ½-½ (35)}) 8. d3 ({RR} 8. b3 Be7 9. Bb2 O-O 10. Qe2 Nf5 11. Bxc6 Bxc6 12. Rad1 b6 13. Ne5 Bb7 14. c3 Qd5 15. d3 Rad8 16. c4 Nd4 17. Qf2 Qxe5 18. fxe5 Bxe4 19. dxe4 Rd7 20. Kh1 Bg5 21. Bxd4 Rfd8 22. Be3 Rxd1 {Laico,J (2136)-Echavarria,J (2379) Chess.com INT 2017 1-0}) 8... Be7 9. a4 $146 ({RR} 9. c3 O-O 10. Qe2 Qc7 11. Bxc6 Bxc6 12. Ne5 Be8 13. Bd2 Rd8 14. Rad1 b5 15. Bc1 a6 16. Ng3 Rd5 17. c4 Rd8 18. f5 Nxf5 19. Nxf5 exf5 20. Rxf5 f6 21. Ng4 Bg6 22. Rf3 Bd6 23. Rh3 Rfe8 {Podini,F (2069)-Guido,F (2323) Bratto 2006 0-1 (33)}) ({RR} 9. Kh1 Nf5 10. a4 O-O 11. Ne5 Nxe5 12. fxe5 Bxb5 13. axb5 Qd5 14. Bf4 c4 15. Nc3 Qc5 16. Qg4 cxd3 17. cxd3 Kh8 18. Rf3 Rad8 19. Raf1 Rd4 20. Qh3 a6 21. bxa6 bxa6 22. Ne4 Qc7 23. Bg5 Bxg5 {Nihal,S (2698)-Maksimovic,B (2497) chess.com INT 2024 1-0 (36)}) ({RR} 9. Bxc6 Bxc6 10. Ne5 Rc8 11. Kh1 O-O 12. Nxc6 Rxc6 13. Be3 Nf5 14. Bg1 b6 15. Qf3 Rc7 16. c3 Rd7 17. Rad1 Bf6 18. Ng3 Nxg3+ 19. Qxg3 Rd5 20. Rd2 Qd7 21. Rfd1 Rd8 22. Qf3 h6 23. Qe4 e5 {Limbourg,P (2206)-Bischoff,U (2107) Dresden 2016 ½-½ (51)}) 9... O-O 10. Be3 b6 11. h3 Qc7 12. g4 f5 13. Nf2 g6 14. Bc4 Bd6 15. Qd2 fxg4 16. Nxg4 Nxg4 17. hxg4 Bxf4 18. Ng5 Bxg5 19. Bxg5 Qg3+ 20. Qg2 Qxg2+ 21. Kxg2 Rxf1 22. Rxf1 Rf8 23. Re1 Nd4 24. Bh6 Bc6+ 25. Kg3 Rf3+ 26. Kh4 Rf2 27. Bxe6+ Nxe6 28. Rxe6 Bxa4 29. b3 Bd7 30. Re7 Rf7 31. Re5 Bc6 32. Kg5 Bd7 33. Rd5 a5 34. Rd6 a4 35. Rxb6 Re7 36. Rf6 Rf7 37. Ra6 Re7 38. bxa4 Kf7 39. Rf6+ Ke8 40. Rf8# 1-0

[Event "Titled Tuesday intern op 29th Mar Late"]
[Site "Chess.com INT"]
[Date "2022.03.29"]
[Round "2"]
[White "Theodorou, Nikolas"]
[Black "Lewtak, Damian"]
[Result "1-0"]
[WhiteElo "2561"]
[BlackElo "2381"]
[PlyCount "27"]
[EventDate "2022.03.29"]
[EventType "swiss (blitz)"]
[EventRounds "11"]
[EventCountry "USA"]
[SourceTitle "CBM 207 Extra"]
[Source "ChessBase"]
[SourceDate "2022.05.31"]
[SourceVersion "1"]
[SourceVersionDate "2022.05.31"]
[SourceQuality "1"]

1. e4 c5 2. d4 cxd4 3. c3 dxc3 4. Nxc3 e6 5. Nf3 Nc6 6. Bf4 Bb4 7. Bd3 Nf6 8. O-O d5 9. e5 Nd7 10. Rc1 O-O $146 ({RR} 10... a6 11. a3 Ba5 12. b4 Bc7 13. Re1 h6 14. Na4 O-O 15. Qd2 f5 16. Nc5 Nxc5 17. Rxc5 g5 18. Nxg5 hxg5 19. Bxg5 Qe8 20. Bh6 Qh5 21. Bxf8 Kxf8 22. Re3 Ke7 23. Rh3 Qg6 24. f4 Bb6 25. Rg3 {Boza Castro,S-Hadad Diaz,A (2057) Puerto La Cruz 2014 0-1 (70)}) 11. Bxh7+ Kxh7 12. Ng5+ Kg6 13. Qd3+ f5 14. Nxe6 1-0